00972nam a2200205 a 450000100100000000500170001000800410002704000250006808200190009311000490011224500720016126000530023330000200028659000260030665000720033291000370040495201170044195201910055899900170074900003468220200930073834.0111004s1910 xxu 000 0 spa d aDO-SdBNPbspacBNPHU a343.056bR426d1 aRepública Dominicanab[Leyes, etc.]91108810aDominican customs tariff :b(in effect January 1, 1910) with index. aWashington :bGovernment Printing Office,c1910. a80 p. ;c21 cm. aInventariado, 2018/VM 4aAranceles de aduaneraxLegislaciónzRepública Dominicana960118 aValidado. Control de calidad MFF 001050718RVaPDbPDcHDd2011-10-18iLF1l0o343.056 R426dp34682-10r2020-06-25w2020-06-25y1ZNo se presta 0010507-18MOaPDbPDcOId2011-10-18iLF1l0o343.056 R426dp34683-10r2020-06-25w2020-06-25y1zPerteneció a la biblioteca personal de Juan Isidro Jimenes -GrullónZNo se presta c34173d34173